Práce na rekonštrukcii synagógy prerušili a začínajú s demontážóu krytiny Najstaršia židovská pamiatka v meste ostane bez strechy

Bibliographic Details
Main Author: Hriadelová, Miloslava (Author)
Format: Article
Language:Slovak
Subjects:

MARC

LEADER 00000nab a2200000 a 4500
001 vtls000904068
003 SK-MaSNL
005 20260302172838.0
008 040720e20000505xo 0 slo
035 |a KE13024 
040 |a KEVKJB  |b slo  |c KEVKJB  |e AACR2 
041 0 |a slo 
044 |a xo  |c SK 
080 |a 726.3  |2 1981 
080 |a 72  |2 1981 
080 |a 004.67  |2 1981 
100 1 |a Hriadelová, Miloslava  |4 aut  |9 348764 
245 1 0 |a Práce na rekonštrukcii synagógy prerušili a začínajú s demontážóu krytiny  |b Najstaršia židovská pamiatka v meste ostane bez strechy 
650 0 7 |a Synagóga, Zvonárska ulica (Košice, Slovensko)   |2 KEVKJB  |9 879479 
650 0 7 |a rekonštrukcie  |2 KEVKJB  |9 24616 
650 0 7 |a financie  |2 KEVKJB  |9 2205 
650 0 7 |a nedostatok  |2 KEVKJB  |9 879577 
650 0 7 |a práce pozastavené  |2 KEVKJB  |9 879578 
651 7 |a Košice (Slovensko)  |2 KEVKJB  |9 18694 
651 7 |a KE,  |2 KEVKJB  |9 877256 
655 7 |a periodikum  |2 snkbucl  |9 29553 
773 0 8 |t Korzár  |g Roč. 3, č.103, 5.5.2000, s. 3 
852 |a ZVYKNI  |b KIS3GCP 
999 |c 1399862  |d 1401792